[Event "January Lviv Tradition IM"]
[Site "Lviv UKR"]
[Date "2018.01.25"]
[Round "6.5"]
[White "Kyrychenko, Maryan"]
[Black "Medvedyk, Volodymyr"]
[Result "0-1"]
[WhiteElo "2254"]
[BlackElo "2116"]
[WhiteFideId "14137178"]
[BlackFideId "14137186"]
[EventDate "2018.01.22"]
[EventType "tourn"]

1. e4 e5 2. Nf3 Nc6 3. d4 exd4 4. Nxd4 Bc5 5. Nb3 Bb6 6. Nc3 Nf6 7. Qe2 d6 8.
Be3 O-O 9. O-O-O Be6 10. h3 Qe7 11. Nd4 Ba5 12. Nd5 Bxd5 13. exd5 Nxd5 14. Nf5
Qe5 15. Rxd5 Qxd5 16. Qg4 g6 17. Bd3 Qxa2 18. c3 Ne5 19. Nh6+ Kg7 20. Nf5+ Kh8
21. Bd4 f6 22. Bxe5 fxe5 23. Ne7 Qa1+ 24. Bb1 Rf6 25. Qh4 Raf8 26. f3 c6 27. Rd1
Bd8 0-1

[Event "January Lviv Tradition IM"]
[Site "Lviv UKR"]
[Date "2018.01.25"]
[Round "7.1"]
[White "Medvedyk, Volodymyr"]
[Black "Bets, Anatolij"]
[Result "1/2-1/2"]
[BlackTitle "IM"]
[WhiteElo "2116"]
[BlackElo "2266"]
[WhiteFideId "14137186"]
[BlackFideId "13900447"]
[EventDate "2018.01.22"]
[EventType "tourn"]

1. d4 Nf6 2. c4 e6 3. g3 d5 4. Nf3 dxc4 5. Bg2 c5 6. O-O Nc6 7. dxc5 Bxc5 8.
Qxd8+ Kxd8 9. Nbd2 Bd7 10. Nxc4 Rc8 11. Nfe5 Ke7 12. Nd3 Nd4 13. Bxb7 Nxe2+ 14.
Kg2 Nxc1 15. Raxc1 Rc7 16. Nce5 Bd6 17. Rxc7 Bxc7 18. Nxd7 Nxd7 19. Nb4 Nb8 20.
Rc1 Bd6 21. a3 Rd8 22. Nc6+ Nxc6 23. Bxc6 Rc8 24. Rc4 g5 25. h3 h6 26. a4 a5 27.
Bb5 Rxc4 28. Bxc4 f5 29. g4 Kf6 30. Kf3 Be5 31. b3 Bc3 32. Bd3 Ke5 33. Bc4 Bb4 1/2-1/2

[Event "January Lviv Tradition IM"]
[Site "Lviv UKR"]
[Date "2018.01.25"]
[Round "7.2"]
[White "Kryvoruchko, Vita"]
[Black "Kyrychenko, Maryan"]
[Result "1-0"]
[WhiteTitle "WGM"]
[WhiteElo "2192"]
[BlackElo "2254"]
[WhiteFideId "14108917"]
[BlackFideId "14137178"]
[EventDate "2018.01.22"]
[EventType "tourn"]

1. d4 Nf6 2. c4 e6 3. Nc3 Bb4 4. f3 c5 5. a3 Bxc3+ 6. bxc3 d5 7. e3 O-O 8. Bd3
Nc6 9. Ne2 b6 10. O-O Re8 11. cxd5 exd5 12. Ng3 a5 13. Re1 Ba6 14. Bxa6 Rxa6 15.
Bb2 h5 16. e4 g6 17. e5 Nh7 18. e6 f5 19. c4 Nxd4 20. Bxd4 cxd4 21. Qxd4 dxc4
22. Qxc4 b5 23. Qb3 Qb6+ 24. Kh1 Rxe6 25. Rxe6 Qxe6 26. Qxb5 Nf6 27. Rc1 a4 28.
Ne2 Rb6 29. Qa5 Rd6 30. Ng1 Qd7 31. Rc7 Qe8 32. Ra7 Rd8 33. Qc7 Qd7 34. Qc4+ Qd5
35. Qxa4 Rc8 36. Qb4 Re8 37. a4 Nd7 38. a5 Ne5 39. a6 Nd3 40. Qb6 Re6 41. Qb8+ 1-0

[Event "January Lviv Tradition IM"]
[Site "Lviv UKR"]
[Date "2018.01.25"]
[Round "7.3"]
[White "Mosesov, Danylo"]
[Black "Kagramanianz, Vartan"]
[Result "1/2-1/2"]
[WhiteTitle "FM"]
[BlackTitle "IM"]
[WhiteElo "2294"]
[BlackElo "2247"]
[WhiteFideId "14149494"]
[BlackFideId "13300202"]
[EventDate "2018.01.22"]
[EventType "tourn"]

1. d4 d5 2. c4 c6 3. cxd5 cxd5 4. Nc3 Nf6 5. Bf4 a6 6. e3 Nc6 7. Bd3 Bg4 8. Nge2
e6 9. O-O Be7 10. Rc1 Bh5 11. a3 Bg6 12. b4 O-O 13. Na4 Nh5 14. h3 Bxd3 15. Qxd3
Nxf4 16. Nxf4 Bd6 17. Ne2 Qe7 18. Rc3 Na7 19. Rfc1 Nb5 20. R3c2 Rad8 21. Nc5 Bb8
22. a4 Nd6 23. a5 Kh8 24. Rb1 Rc8 25. Rbc1 Rcd8 26. Rb1 Rc8 27. Rbc1 Rcd8 28.
Rb1 Rc8 29. Rbc1 Rcd8 30. Rb1 Rc8 1/2-1/2

[Event "January Lviv Tradition IM"]
[Site "Lviv UKR"]
[Date "2018.01.25"]
[Round "7.4"]
[White "Molchanov, Oleksii"]
[Black "Sevostianov, Pavel"]
[Result "1-0"]
[WhiteTitle "FM"]
[BlackTitle "IM"]
[WhiteElo "2329"]
[BlackElo "2266"]
[WhiteFideId "14119820"]
[BlackFideId "4156781"]
[EventDate "2018.01.22"]
[EventType "tourn"]

1. e4 e5 2. Nf3 Nc6 3. Bb5 a6 4. Ba4 Nf6 5. O-O Be7 6. Re1 b5 7. Bb3 d6 8. c3
O-O 9. h3 Re8 10. d4 Bb7 11. Nbd2 Bf8 12. Bc2 h6 13. a4 exd4 14. cxd4 Nb4 15.
Bb1 c5 16. d5 Nd7 17. Ra3 f5 18. g4 fxg4 19. hxg4 c4 20. Ree3 Qf6 21. Ne1 Nc5
22. Rh3 g6 23. Rae3 Qd4 24. Qe2 Bc8 25. Rhg3 Qg7 26. b3 c3 27. a5 Be7 28. Ba3
cxd2 29. Qxd2 Bg5 30. Bxb4 Bf4 31. Bc3 Qf7 32. Qd4 Be5 33. Qb4 Bxg3 34. Rxg3 Kh7
35. Ng2 Kg8 36. e5 Qxd5 37. Bxg6 Re6 38. Bc2 Bb7 39. g5 h5 40. Qh4 Rxe5 41. Qxh5
Qf7 42. Qh6 1-0

[Event "January Lviv Tradition IM"]
[Site "Lviv UKR"]
[Date "2018.01.26"]
[Round "8.1"]
[White "Bets, Anatolij"]
[Black "Moliboga, V."]
[Result "0-1"]
[WhiteTitle "IM"]
[WhiteElo "2266"]
[BlackElo "2310"]
[WhiteFideId "13900447"]
[BlackFideId "4116631"]
[EventDate "2018.01.22"]
[EventType "tourn"]

1. d4 g6 2. c4 Bg7 3. e4 Nc6 4. Ne2 d6 5. Nbc3 e5 6. Be3 f5 7. exf5 Bxf5 8. dxe5
dxe5 9. Ng3 Nge7 10. Be2 Nd4 11. Nce4 O-O 12. O-O Bxe4 13. Nxe4 Nef5 14. Bxd4
Nxd4 15. Re1 Qd7 16. Rc1 Rad8 17. Rc3 Qc6 18. Bd3 Rd7 19. b4 b6 20. h3 Kh8 21.
Qb1 Ne6 22. Bf1 Rd4 23. f3 Rfd8 24. Qc1 Qd7 25. Qc2 Qe7 26. a3 a5 27. bxa5 bxa5
28. c5 Bh6 29. Rd3 Rxd3 30. Bxd3 Qh4 31. Rd1 Be3+ 32. Kh2 Ng5 33. Nxg5 Bf4+ 34.
Kg1 Qxg5 35. Be4 Rb8 36. c6 Kg7 37. Rb1 Bg3 38. Rd1 Qe3+ 39. Kh1 Qxa3 40. Qd2
Rf8 41. Qg5 Bf4 42. Qh4 Rf7 43. g3 Be3 44. Qd8 Qe7 45. Qd3 Bd4 46. Bd5 Rf6 47.
Qe4 Qa3 48. f4 Qxg3 49. Rxd4 Qxh3+ 50. Kg1 Qg3+ 51. Kh1 Qh4+ 52. Kg2 exd4 53.
Qe7+ Kh6 0-1

[Event "January Lviv Tradition IM"]
[Site "Lviv UKR"]
[Date "2018.01.26"]
[Round "8.2"]
[White "Kyrychenko, Maryan"]
[Black "Mosesov, Danylo"]
[Result "1/2-1/2"]
[BlackTitle "FM"]
[WhiteElo "2254"]
[BlackElo "2294"]
[WhiteFideId "14137178"]
[BlackFideId "14149494"]
[EventDate "2018.01.22"]
[EventType "tourn"]

1. e4 c5 2. Nf3 e6 3. d4 cxd4 4. Nxd4 Nc6 5. Nc3 Qc7 6. Be3 a6 7. Be2 Nf6 8. a3
Be7 9. O-O O-O 10. f4 d6 11. Qd2 Rd8 12. Rad1 Ne5 13. h3 Ng6 14. Bf3 e5 15. Nf5
exf4 16. Nxe7+ Qxe7 17. Bxf4 Nxf4 18. Qxf4 Be6 19. Rfe1 Qc7 20. Re2 Qb6+ 21. Qe3
Qxb2 22. Na4 Qe5 23. Nb6 Rab8 24. Red2 h6 25. c4 Re8 26. Rxd6 Bxh3 27. Rxf6 gxf6
28. Qxh6 Be6 29. Nd5 Bxd5 30. Rxd5 Qa1+ 31. Kf2 1/2-1/2

[Event "January Lviv Tradition IM"]
[Site "Lviv UKR"]
[Date "2018.01.26"]
[Round "8.3"]
[White "Kagramanianz, Vartan"]
[Black "Molchanov, Oleksii"]
[Result "0-1"]
[WhiteTitle "IM"]
[BlackTitle "FM"]
[WhiteElo "2247"]
[BlackElo "2329"]
[WhiteFideId "13300202"]
[BlackFideId "14119820"]
[EventDate "2018.01.22"]
[EventType "tourn"]

1. d4 Nf6 2. Nf3 d5 3. c3 Nbd7 4. Bf4 c5 5. e3 e6 6. Nbd2 Be7 7. h3 b6 8. Bd3
Bb7 9. O-O Ne4 10. Ne5 Nxd2 11. Qxd2 O-O 12. Rad1 Nf6 13. Bg5 Qc7 14. Qe2 a5 15.
Bxf6 Bxf6 16. Ng4 Be7 17. b3 a4 18. dxc5 axb3 19. axb3 Qxc5 20. c4 dxc4 21. Bxc4
h5 22. Nh2 Rad8 23. Nf3 Bf6 24. Rxd8 Rxd8 25. e4 Bc6 26. Re1 b5 27. Bd3 b4 28.
Bc4 Bc3 29. Rf1 g6 30. h4 Qe7 31. Ng5 Bd2 32. Nf3 Bf4 33. g3 Bc7 34. Re1 Qf6 35.
Nd2 Bb6 36. Nf1 Bxe4 37. Ne3 Bf3 38. Qc2 Bb7 39. Bf1 Rc8 40. Qe2 Rc3 0-1

[Event "January Lviv Tradition IM"]
[Site "Lviv UKR"]
[Date "2018.01.26"]
[Round "8.4"]
[White "Sevostianov, Pavel"]
[Black "Bykovskiy, Oleg"]
[Result "0-1"]
[WhiteTitle "IM"]
[BlackTitle "FM"]
[WhiteElo "2266"]
[BlackElo "2197"]
[WhiteFideId "4156781"]
[BlackFideId "14129825"]
[EventDate "2018.01.22"]
[EventType "tourn"]

1. Nf3 d5 2. g3 Nf6 3. Bg2 g6 4. O-O Bg7 5. c4 c6 6. cxd5 Qxd5 7. Nc3 Qh5 8. Qb3
O-O 9. d4 Nbd7 10. a4 e5 11. dxe5 Nxe5 12. Nxe5 Qxe5 13. a5 Qe7 14. a6 bxa6 15.
Bxc6 Bh3 16. Bg2 Bxg2 17. Kxg2 Rab8 18. Qc4 Rb6 19. f3 Qb7 20. Rf2 Rc8 21. Qa4
h5 22. e4 Nd7 23. Nd5 Nc5 24. Qd1 Rb3 25. Ra3 Kh7 26. Rxb3 Nxb3 27. Be3 a5 28.
Bg5 Rc6 29. h4 Nd4 30. Qd3 a4 31. Be3 Qb3 32. Qxb3 axb3 33. f4 a5 34. e5 Nc2 35.
Bd2 a4 36. Bc3 Rc5 37. e6 fxe6 38. Nf6+ Bxf6 39. Bxf6 Ne3+ 40. Kf3 Ng4 41. Bd4
Rd5 42. Rd2 a3 43. bxa3 b2 44. Rxb2 Rxd4 45. Rb7+ Kg8 46. Ra7 Nf6 0-1

[Event "January Lviv Tradition IM"]
[Site "Lviv UKR"]
[Date "2018.01.26"]
[Round "8.5"]
[White "Medvedyk, Volodymyr"]
[Black "Kryvoruchko, Vita"]
[Result "1-0"]
[BlackTitle "WGM"]
[WhiteElo "2116"]
[BlackElo "2192"]
[WhiteFideId "14137186"]
[BlackFideId "14108917"]
[EventDate "2018.01.22"]
[EventType "tourn"]

1. e4 c5 2. Nf3 d6 3. c3 Nf6 4. h3 e6 5. Bd3 Be7 6. Bc2 Nc6 7. d4 cxd4 8. cxd4
Nb4 9. Ba4+ Bd7 10. Nc3 O-O 11. Bxd7 Qxd7 12. a3 Nc6 13. d5 exd5 14. exd5 Ne5
15. O-O Rac8 16. Re1 Nc4 17. Qd3 Rfe8 18. b3 Nb6 19. Be3 Bd8 20. a4 a6 21. Bd4
Nbxd5 22. Nxd5 Nxd5 23. Qf5 Re6 24. Qxd5 Bf6 25. Bxf6 Rxf6 26. Rac1 Rxc1 27.
Rxc1 Rg6 28. Ne5 1-0

[Event "January Lviv Tradition IM"]
[Site "Lviv UKR"]
[Date "2018.01.27"]
[Round "9.2"]
[White "Mosesov, Danylo"]
[Black "Medvedyk, Volodymyr"]
[Result "1-0"]
[WhiteTitle "FM"]
[WhiteElo "2294"]
[BlackElo "2116"]
[WhiteFideId "14149494"]
[BlackFideId "14137186"]
[EventDate "2018.01.22"]
[EventType "tourn"]

1. e4 e5 2. Nf3 Nc6 3. Bb5 a6 4. Ba4 Nf6 5. d3 Bc5 6. O-O b5 7. Bb3 d6 8. c3 h6
9. h3 O-O 10. Re1 Be6 11. Bc2 d5 12. exd5 Nxd5 13. Nbd2 b4 14. Ne4 Bb6 15. Bd2
a5 16. Qe2 a4 17. Rad1 a3 18. d4 bxc3 19. bxc3 exd4 20. cxd4 Qe7 21. Ng3 Rfd8
22. Qe4 g6 23. Bxh6 Nc3 24. Qxc6 Nxd1 25. Rxd1 Bd5 26. Qc3 Ba5 27. Qd3 Bxa2 28.
Ne5 Bd5 29. Nxg6 Qf6 30. Ne7+ Qxe7 31. Qh7# 1-0

[Event "January Lviv Tradition IM"]
[Site "Lviv UKR"]
[Date "2018.01.27"]
[Round "9.3"]
[White "Molchanov, Oleksii"]
[Black "Kyrychenko, Maryan"]
[Result "1/2-1/2"]
[WhiteTitle "FM"]
[WhiteElo "2329"]
[BlackElo "2254"]
[WhiteFideId "14119820"]
[BlackFideId "14137178"]
[EventDate "2018.01.22"]
[EventType "tourn"]

1. e4 e6 2. d4 d5 3. exd5 exd5 4. Nf3 Nf6 5. Bd3 Bd6 6. O-O O-O 7. Bg5 Bg4 8.
Nbd2 Nbd7 9. c3 h6 10. Bh4 c6 11. Qc2 Qc7 12. Bg3 Bxg3 13. hxg3 Rae8 14. Rfe1
Rxe1+ 15. Rxe1 Re8 16. Bf5 Bxf5 17. Qxf5 g6 18. Rxe8+ Nxe8 19. Qd3 Kg7 20. Qe2
Nd6 21. Kf1 Nf6 22. Qe5 Ne8 23. Qxc7 Nxc7 24. Ne5 Kf8 25. Ke2 Ke7 26. Kd3 Nd7
27. Nxd7 Kxd7 28. Nf3 Ke6 29. Ke3 f6 30. g4 Ne8 31. Nd2 1/2-1/2

[Event "January Lviv Tradition IM"]
[Site "Lviv UKR"]
[Date "2018.01.27"]
[Round "9.5"]
[White "Moliboga, V."]
[Black "Sevostianov, Pavel"]
[Result "1/2-1/2"]
[BlackTitle "IM"]
[WhiteElo "2310"]
[BlackElo "2266"]
[WhiteFideId "4116631"]
[BlackFideId "4156781"]
[EventDate "2018.01.22"]
[EventType "tourn"]

1. c4 e5 2. Nc3 Nf6 3. Nf3 Nc6 4. g3 Bb4 5. Bg2 O-O 6. O-O d6 7. d3 h6 8. Na4 a5
9. b3 Re8 10. Bb2 Bd7 11. e3 Qc8 12. a3 Bc5 13. Nxc5 dxc5 14. d4 e4 15. Ne5 cxd4
16. Nxc6 Bg4 17. f3 exf3 18. Bxf3 bxc6 19. Qxd4 Bxf3 20. Rxf3 Qe6 21. Raf1 Re7
22. Qc3 Ne8 23. a4 c5 24. Re1 f5 25. e4 Nd6 26. e5 Ne4 27. Qc2 Rf8 28. Rd3 Qg6
29. Rf1 f4 30. Rdf3 Ref7 31. e6 Qxe6 32. Rxf4 1/2-1/2